| 000 | 00699nam a2200253 a 4500 | ||
|---|---|---|---|
| 999 |
_c3525 _d3525 |
||
| 006 | a||||gr|||| 001 0 | ||
| 007 | ta | ||
| 008 | 251204t2025iii ii a|||gr|||| 0|1 ||eng|d | ||
| 020 |
_a9789351739784 _cRs. 400.00 |
||
| 040 |
_aKO _beng |
||
| 041 | 0 | _aeng | |
| 044 | _aii | ||
| 082 | 0 | 4 |
_a658.15 _bG9597 _223 |
| 100 | 1 | _aGupta, S. P. | |
| 245 | 1 | 0 |
_aAdvanced financial management for M. Com and other post graduate classes / _cS. P. Gupta |
| 260 |
_aAgra : _bSahitya bhawan publications, _c2025 |
||
| 300 |
_a443 p. : _b: _c24 cm. |
||
| 500 | _aIncludes index. | ||
| 650 | 0 |
_aFinance, Personal _vTextbooks |
|
| 650 | 0 |
_aFinance _vTextbooks |
|
| 904 | _aA_BOSE | ||
| 942 |
_cBK _2ddc |
||